| 000 | 00569 a2200193 4500 | ||
|---|---|---|---|
| 020 | _a0195117719 | ||
| 022 | _a0195117719 | ||
| 040 |
_aDLC _bDLC |
||
| 082 | _a621.381 | ||
| 100 | 1 | _aSmith, Kenneth Carless. | |
| 245 | 1 | 0 |
_aKC's problems and solutions for Microelectronic Circuits _cKenneth C. Smith. |
| 246 | 3 | _aMicroelectronic circuits. | |
| 260 |
_aNew York : _bOxford University Press, _c1998. |
||
| 300 |
_a459 p. : _bill. ; _c28 cm. |
||
| 650 | 0 | _aElectronic circuits | |
| 650 | 0 | _aIntegrated circuits | |
| 700 | 1 | _aSedra, Adel S. | |
| 942 |
_cBK _k621.381 SMI _2ddc |
||
| 999 |
_c4588 _d4588 |
||